[Event "Sparkassen-Open A"]
[Site "Heusenstamm, Martinsee"]
[Date "2023.11.24"]
[Round "6.6"]
[White "Salomov, Asilbek"]
[Black "Gärtner, David"]
[Result "1-0"]
[WhiteElo "1589"]
[BlackElo "1722"]
[PlyCount "43"]
[EventDate "2024.11.21"]
[WhiteTeam "Aachen"]
[BlackTeam "Sfr.Mainz 1928"]

1. e4 c5 2. Nf3 d6 3. d4 cxd4 4. Nxd4 Nf6 5. Nc3 g6 6. h3 Bg7 7. Be3 a6 8. a3 Nc6 9. Bc4 Bd7 10. O-O O-O 11. Bb3 Rc8 12. f4 Na5 13. e5 Ne8 14. e6 Bxd4 15. exf7+ Kg7 16. fxe8=N+ Qxe8 17. Qxd4+ e5 18. fxe5 Nxb3 19. cxb3 dxe5 20. Qd2 Kh8 21. Rxf8+ Qxf8 22. Qxd7 1-0

[Event "Sparkassen-Open A"]
[Site "Heusenstamm, Martinsee"]
[Date "2023.11.24"]
[Round "6.7"]
[White "Bauer, Ottmar"]
[Black "Rafikova, Ailin"]
[Result "0-1"]
[WhiteElo "1806"]
[BlackElo "1655"]
[PlyCount "86"]
[EventDate "2024.11.21"]
[WhiteTeam "TSV 1869 e. V. Rottendorf"]
[BlackTeam "SK 1947 Sandhausen e.V."]

1. e4 c6 2. d4 d5 3. e5 Bf5 4. Nc3 e6 5. g4 Bg6 6. Nge2 Ne7 7. h4 h5 8. Nf4 hxg4 9. Nxg6 Nxg6 10. h5 Ne7 11. Qxg4 Nd7 12. Bg5 Qb6 13. O-O-O g6 14. Bd3 gxh5 15. Rxh5 Rxh5 16. Qxh5 Qxd4 17. f4 Nc5 18. Bh7 Qe3+ 19. Kb1 Qf2 20. Bg8 Nxg8 21. Qh8 Ne7 22. Bxe7 Kxe7 23. Qf6+ Ke8 24. b4 Nd7 25. Qg5 Bxb4 26. Rd3 Qb6 27. Ka1 Ba3 28. Nd1 Bc5 29. c3 Nf8 30. Rh3 Qd8 31. Qg8 Qe7 32. Rh7 Rd8 33. Nb2 Rd7 34. Nd3 d4 35. c4 Bb4 36. Rh8 b5 37. c5 Bxc5 38. f5 exf5 39. e6 Qxe6 40. Nxc5 Qe1+ 41. Kb2 Qc3+ 42. Kb1 Qxc5 43. Qg3 Qb4+ 0-1

[Event "Sparkassen-Open A"]
[Site "Heusenstamm, Martinsee"]
[Date "2023.11.24"]
[Round "6.8"]
[White "Heller, Holger"]
[Black "Berkes, Jörg"]
[Result "0-1"]
[WhiteElo "1704"]
[BlackElo "1836"]
[PlyCount "62"]
[EventDate "2024.11.21"]
[WhiteTeam "SAbt TuS Dotzheim"]
[BlackTeam "SK Langen"]

1. d4 Nf6 2. c4 g6 3. Nc3 Bg7 4. e4 d6 5. Nf3 O-O 6. Be2 e5 7. d5 Nbd7 8. O-O Nc5 9. Qc2 a5 10. Bg5 b6 11. Bxf6 Bxf6 12. a3 a4 13. Nd2 Bg5 14. b4 axb3 15. Nxb3 Na6 16. Bd3 Kg7 17. Ne2 f5 18. f4 exf4 19. exf5 Bf6 20. Rae1 g5 21. Nbd4 Bxd4+ 22. Nxd4 Qf6 23. Ne6+ Bxe6 24. Rxe6 Qd4+ 25. Kh1 Nc5 26. f6+ Kh8 27. Bg6 Nxe6 28. dxe6 Qxf6 29. Bf7 Rxa3 30. h4 g4 31. Qc1 g3 0-1

[Event "Sparkassen-Open A"]
[Site "Heusenstamm, Martinsee"]
[Date "2023.11.24"]
[Round "6.9"]
[White "Bardorz, Stefan"]
[Black "Plotnikow, Jewgeni"]
[Result "1-0"]
[WhiteElo "1800"]
[BlackElo "1700"]
[PlyCount "71"]
[EventDate "2024.11.21"]
[WhiteTeam "TSV 1869 e. V. Rottendorf"]
[BlackTeam "SK Gründau"]

1. e4 c5 2. Nc3 a6 3. g3 Nc6 4. Bg2 e6 5. d3 Nge7 6. f4 d5 7. Nf3 d4 8. Ne2 Qc7 9. Bd2 Ng6 10. O-O Bd7 11. a3 h5 12. Ng5 f6 13. f5 exf5 14. exf5 Nge5 15. Ne4 h4 16. Nf4 Ne7 17. g4 O-O-O 18. h3 Bc6 19. Ne6 Qb6 20. Nxd8 Kxd8 21. Bf4 Nd5 22. c4 dxc3 23. bxc3 Nxf4 24. Rxf4 c4+ 25. d4 Nd3 26. Rf1 Qc7 27. Qd2 Bxe4 28. Bxe4 Qg3+ 29. Qg2 Qe3+ 30. Kh1 Nf4 31. Qf3 Qxf3+ 32. Rxf3 Ne2 33. Bxb7 a5 34. Re1 Ng3+ 35. Kg2 Bd6 36. a4 1-0

[Event "Sparkassen-Open A"]
[Site "Heusenstamm, Martinsee"]
[Date "2023.11.24"]
[Round "6.10"]
[White "Schlömer, Andreas"]
[Black "Kesavan, Sarvesh"]
[Result "1/2-1/2"]
[WhiteElo "1767"]
[BlackElo "1669"]
[PlyCount "39"]
[EventDate "2024.11.21"]
[WhiteTeam "SK Upland Willingen"]
[BlackTeam "SK Bad Homburg 1927"]

1. c4 e5 2. g3 Nf6 3. Bg2 d5 4. cxd5 Nxd5 5. Nc3 Be6 6. Nf3 Nc6 7. Nxd5 Bxd5 8. d3 Bc5 9. a3 O-O 10. O-O e4 11. dxe4 Bxe4 12. b4 Be7 13. Bb2 a6 14. Nd4 Bxg2 15. Kxg2 Bf6 16. Nxc6 Qxd1 17. Rfxd1 Bxb2 18. Ra2 Bf6 19. Na5 b6 20. Nc6 1/2-1/2

[Event "Sparkassen-Open A"]
[Site "Heusenstamm, Martinsee"]
[Date "2023.11.24"]
[Round "6.11"]
[White "Nain, Medhansh"]
[Black "Ahrens, Gunnar"]
[Result "0-1"]
[WhiteElo "1685"]
[BlackElo "1760"]
[PlyCount "122"]
[EventDate "2024.11.21"]
[WhiteTeam "Schachforum Darmstadt 1994"]
[BlackTeam "Delmenhorster SK V 1931"]

1. e4 Nc6 2. Nf3 d5 3. exd5 Qxd5 4. d4 e5 5. dxe5 Qxd1+ 6. Kxd1 Bg4 7. Be2 O-O-O+ 8. Ke1 Bxf3 9. Bxf3 Nxe5 10. Be2 Bc5 11. Bf4 Nc6 12. Bg3 Bd6 13. Bxd6 Rxd6 14. Nc3 a6 15. Rd1 Rxd1+ 16. Kxd1 Nge7 17. Kc1 Rd8 18. Rd1 Ne5 19. f4 Rxd1+ 20. Kxd1 N5c6 21. Bd3 h6 22. Bc4 f6 23. Ne4 a5 24. Nc5 Nd8 25. Ke2 c6 26. a4 Kc7 27. Kf3 b6 28. Nd3 Nf5 29. c3 Nd6 30. Ba2 Kd7 31. Kg4 Ne6 32. Kh5 Nf8 33. g4 Ke7 34. f5 Nf7 35. b4 Ne5 36. bxa5 bxa5 37. Nc5 g6+ 38. Kh4 Nfd7 39. Nb7 Nb6 40. Nxa5 Nxa4 41. Nxc6+ Nxc6 42. fxg6 Kf8 43. c4 Ne5 44. Bb1 Kg7 45. Kg3 Nc3 46. Bc2 Ne2+ 47. Kf2 Nd4 48. Bf5 Nxc4 49. Kg3 Ne5 50. Kf4 Nxg6+ 51. Ke4 Nxf5 52. Kxf5 Nh4+ 53. Kf4 Kg6 54. h3 h5 55. Kg3 Kg5 56. gxh5 Kxh5 57. Kf4 f5 58. Kg3 Kg5 59. Kf2 Kf4 60. Kf1 Kf3 61. Ke1 Kg2 0-1

[Event "Sparkassen-Open A"]
[Site "Heusenstamm, Martinsee"]
[Date "2023.11.24"]
[Round "6.12"]
[White "Glavev, Danail"]
[Black "Carvelli, Nicolas"]
[Result "0-1"]
[WhiteElo "1680"]
[BlackElo "1745"]
[Annotator "Schloessner,Henrik"]
[PlyCount "96"]
[EventDate "2024.11.21"]
[WhiteTeam "SK Bad Homburg 1927"]
[BlackTeam "SF Seligenstadt 05"]

1. e4 c6 2. d4 d5 3. exd5 cxd5 4. Nf3 Bf5 5. Bd3 Bxd3 6. Qxd3 e6 7. O-O Nf6 8. Bg5 Be7 9. Nbd2 Nc6 10. c3 O-O 11. Ne5 Rc8 12. f4 a6 13. Rae1 b5 14. f5 exf5 15. Rxf5 Re8 16. Nxc6 Rxc6 17. Rfe5 h6 18. Bh4 g5 19. Bxg5 hxg5 20. Rxg5+ Kf8 21. Qh3 Ng8 22. Rg4 Bg5 23. Rxe8+ Kxe8 24. Qh8 Rg6 25. h4 Be3+ 26. Kh2 Rxg4 27. Qe5+ Kf8 28. Qxe3 Qxh4+ 29. Kg1 Qg3 30. Qe2 Ne7 31. Nf3 Ng6 32. Nh2 Re4 33. Qh5 Rh4 34. Qxd5 Qxh2+ 35. Kf2 Rf4+ 36. Ke1 Qg1+ 37. Kd2 Rf2+ 38. Kd3 Qf1+ 39. Ke4 Qxg2+ 40. Ke3 Qxd5 41. Kxf2 Qxa2 42. c4 Qxb2+ 43. Ke3 bxc4 44. d5 Qe5+ 45. Kd2 Qxd5+ 46. Kc3 Qd3+ 47. Kb2 Qd2+ 48. Kb1 f5 {0-1 (48) 6 12-fertig hso B6} 0-1

[Event "Sparkassen-Open A"]
[Site "Heusenstamm, Martinsee"]
[Date "2023.11.24"]
[Round "6.13"]
[White "Hasenpflug, Till"]
[Black "Wang, Enya Marie"]
[Result "1/2-1/2"]
[WhiteElo "1710"]
[BlackElo "1647"]
[PlyCount "78"]
[EventDate "2024.11.21"]
[WhiteTeam "SK Bad Homburg 1927"]
[BlackTeam "TSV Schönaich"]

1. e4 e5 2. Nf3 Nc6 3. Bc4 Nf6 4. O-O Be7 5. Nc3 Nxe4 6. Nxe4 d5 7. Bd3 dxe4 8. Bxe4 Bd6 9. Bxc6+ bxc6 10. Nxe5 Bxe5 11. Re1 Qe7 12. d4 Bxh2+ 13. Kxh2 Be6 14. Qf3 O-O 15. Qg3 Qd6 16. c3 Qxg3+ 17. Kxg3 Rab8 18. b3 Rfe8 19. Bf4 Re7 20. Re2 Rbe8 21. Rae1 f6 22. Bxc7 Kf7 23. Bd6 Rd7 24. Bc5 a6 25. c4 Rdd8 26. f4 a5 27. Bb6 Ra8 28. d5 cxd5 29. cxd5 Bxd5 30. Rxe8 Rxe8 31. Rxe8 Kxe8 32. Bxa5 Kd7 33. f5 Be4 34. Kf4 Bxg2 35. a4 Bd5 36. b4 Bb3 37. Bb6 Bxa4 38. Bc5 Ke8 39. Kg4 Kf7 1/2-1/2

[Event "Sparkassen-Open A"]
[Site "Heusenstamm, Martinsee"]
[Date "2023.11.24"]
[Round "6.14"]
[White "Morgenroth, Fabian"]
[Black "Liu, Jonas"]
[Result "1/2-1/2"]
[WhiteElo "1895"]
[BlackElo "1602"]
[PlyCount "50"]
[EventDate "2024.11.21"]
[WhiteTeam "SC Turm Breuberg"]
[BlackTeam "SV Oberursel"]

1. e4 c5 2. Nf3 Nc6 3. Nc3 g6 4. d4 cxd4 5. Nxd4 Bg7 6. Be3 d6 7. Qd2 Nf6 8. f3 O-O 9. Nxc6 bxc6 10. Bh6 Bh8 11. Bxf8 Kxf8 12. O-O-O Nd7 13. Bc4 Rb8 14. f4 Qb6 15. Bb3 Qb4 16. Rhe1 Kg8 17. f5 Nc5 18. fxg6 hxg6 19. Re3 a5 20. Qf2 Nxb3+ 21. axb3 Bd4 22. Rxd4 Qxd4 23. Rf3 Qxf2 24. Rxf2 f5 25. Kd2 e5 1/2-1/2

[Event "Sparkassen-Open A"]
[Site "Heusenstamm, Martinsee"]
[Date "2023.11.24"]
[Round "6.15"]
[White "Niesel, Sebastian"]
[Black "Ritonnale, Theo"]
[Result "0-1"]
[WhiteElo "1670"]
[BlackElo "1847"]
[PlyCount "64"]
[EventDate "2024.11.21"]
[WhiteTeam "SV 1934 Ffm-Griesheim"]
[BlackTeam "Sfr.Mainz 1928"]

1. e4 e6 2. d4 d5 3. exd5 exd5 4. Bf4 Bd6 5. Bxd6 Qxd6 6. c3 Ne7 7. Nf3 Bg4 8. Nbd2 Nd7 9. Bd3 O-O-O 10. Qc2 Ng6 11. O-O Nf4 12. Bf5 h5 13. Ne5 Qf6 14. Bxd7+ Bxd7 15. Nxd7 Rxd7 16. Nb3 g5 17. Nc5 Re7 18. Rae1 Rhe8 19. Nd3 Ne2+ 20. Kh1 g4 21. Ne5 Nf4 22. Qd2 Ne6 23. Kg1 Qg7 24. Nd3 f6 25. Re2 h4 26. Nf4 Nxf4 27. Rxe7 Nh3+ 28. gxh3 Rxe7 29. Kh1 gxh3 30. Rg1 Qh7 31. Re1 Qg6 32. Rg1 Qe4+ 0-1

[Event "Sparkassen-Open A"]
[Site "Heusenstamm, Martinsee"]
[Date "2023.11.24"]
[Round "6.16"]
[White "Usatenko, Ksenia"]
[Black "Bach, Oliver"]
[Result "0-1"]
[WhiteElo "1656"]
[BlackElo "1788"]
[PlyCount "64"]
[EventDate "2024.11.21"]
[WhiteTeam "Hanau"]
[BlackTeam "Sabt Frankfurter TV 1860"]

1. e4 c5 2. Nf3 d6 3. d4 cxd4 4. Nxd4 Nf6 5. Nc3 a6 6. Be2 e5 7. Nb3 Be7 8. Bg5 Be6 9. Bxf6 Bxf6 10. O-O O-O 11. Re1 Qc7 12. Qd3 Nd7 13. Rad1 Be7 14. Nd2 Rac8 15. Qg3 b5 16. Bd3 b4 17. Nd5 Bxd5 18. exd5 a5 19. Qh3 g6 20. g4 Nc5 21. Bb5 Kg7 22. Bc6 f5 23. gxf5 Rxf5 24. Ne4 Rcf8 25. Nxc5 dxc5 26. Re2 Bd6 27. Rdd2 Qe7 28. Kf1 R8f7 29. Re4 Qg5 30. Rde2 Qc1+ 31. Re1 Rxf2+ 32. Kg1 Qxc2 0-1

[Event "Sparkassen-Open A"]
[Site "Heusenstamm, Martinsee"]
[Date "2023.11.24"]
[Round "6.17"]
[White "Will, Elina"]
[Black "Al Luwaisi, Moutaz"]
[Result "0-1"]
[WhiteElo "1650"]
[BlackElo "1769"]
[PlyCount "52"]
[EventDate "2024.11.21"]
[WhiteTeam "TuS Makkabi Wiesbaden"]
[BlackTeam "SC ML Kastellaun"]

1. e4 c6 2. d4 d5 3. Nc3 dxe4 4. Nxe4 Nf6 5. Ng3 h5 6. h4 g6 7. c3 Bg7 8. Bd3 Nbd7 9. Nh3 e5 10. Qe2 O-O 11. dxe5 Nxe5 12. Bc2 Re8 13. Kf1 Be6 14. b3 Bg4 15. Qe3 Qc7 16. Qf4 Nd5 17. Qd2 Rad8 18. Bb2 Nb4 19. Qc1 Nbd3 20. Bxd3 Nxd3 21. Qc2 Qe7 22. Kg1 Bxh3 23. Rxh3 Nf4 24. Rh1 Ne2+ 25. Nxe2 Qxe2 26. Rc1 Rd2 0-1

[Event "Sparkassen-Open A"]
[Site "Heusenstamm, Martinsee"]
[Date "2023.11.24"]
[Round "6.19"]
[White "Burow, Roger"]
[Black "Iannotti, Tim"]
[Result "0-1"]
[WhiteElo "1716"]
[BlackElo "1649"]
[PlyCount "142"]
[EventDate "2024.11.21"]
[WhiteTeam "SV 1920 Kelsterbach"]
[BlackTeam "SV Oberursel"]

1. e4 e5 2. Bc4 Nc6 3. Nc3 Nf6 4. d3 Be7 5. f4 d6 6. Nf3 Be6 7. Nd5 Bxd5 8. exd5 Nd4 9. fxe5 Nxf3+ 10. Qxf3 dxe5 11. Bg5 O-O 12. O-O Qd7 13. Rae1 Qd6 14. Bb3 h6 15. Bh4 Rad8 16. c4 Nxd5 17. Bxe7 Nxe7 18. Qxb7 Qc5+ 19. Kh1 Rxd3 20. Qe4 Qd6 21. Qxe5 Qxe5 22. Rxe5 Ng6 23. Re2 Rfd8 24. Rfe1 Kf8 25. h3 Rd2 26. Ba4 f6 27. Bc6 Ne5 28. Bd5 Rxe2 29. Rxe2 c6 30. Be6 Rd6 31. Bf5 g6 32. c5 Rd1+ 33. Kh2 gxf5 34. Rf2 Kf7 35. Rxf5 Rd2 36. Rf4 Rxb2 37. Ra4 Rb7 38. Kg3 Kg6 39. Ra3 Nd7 40. Ra5 Nb8 41. Ra4 h5 42. Kf4 a6 43. g4 hxg4 44. hxg4 Rb5 45. Rc4 Nd7 46. Rd4 Nxc5 47. Rd6 Rb4+ 48. Kf3 Rb6 49. Kf4 Kf7 50. Kf5 Ke7 51. Rxf6 Nd7 52. Re6+ Kf7 53. Rd6 Rb5+ 54. Kf4 Nb8 55. g5 Ke7 56. Rh6 Rb1 57. Rh3 Rf1+ 58. Kg4 c5 59. Rb3 Nd7 60. Re3+ Kf7 61. Kh5 Rh1+ 62. Kg4 Rc1 63. Kf5 Rf1+ 64. Kg4 c4 65. Rc3 Ne5+ 66. Kg3 Ke6 67. Kg2 Rd1 68. g6 Kf6 69. Kf2 Rd2+ 70. Ke3 Rd3+ 71. Rxd3 cxd3 0-1

[Event "Sparkassen-Open A"]
[Site "Heusenstamm, Martinsee"]
[Date "2023.11.24"]
[Round "6.20"]
[White "Welther, Patrick"]
[Black "Vick, Edward"]
[Result "1/2-1/2"]
[WhiteElo "1711"]
[BlackElo "1626"]
[PlyCount "50"]
[EventDate "2024.11.21"]
[WhiteTeam "SC 1934 Gelnhausen"]
[BlackTeam "TuS Makkabi Wiesbaden"]

1. Nf3 c5 2. c4 Nc6 3. g3 b6 4. Bg2 Bb7 5. O-O Nf6 6. Nc3 e6 7. e3 d5 8. cxd5 exd5 9. d4 Be7 10. a3 O-O 11. Qc2 Rc8 12. Bh3 Rb8 13. Bd2 Bc8 14. Bg2 Bg4 15. Ne2 Ne4 16. h3 Nxd2 17. Qxd2 Bxf3 18. Bxf3 cxd4 19. Nxd4 Nxd4 20. Qxd4 Bf6 21. Qd2 d4 22. exd4 Qxd4 23. Qxd4 Bxd4 24. Ra2 Rbc8 25. Rd1 Be5 1/2-1/2

[Event "Sparkassen-Open A"]
[Site "Heusenstamm, Martinsee"]
[Date "2023.11.24"]
[Round "6.26"]
[White "Pishnograev, Ilya"]
[Black "Raghavan, Badrinarayanan"]
[Result "0-1"]
[WhiteElo "1667"]
[BlackElo "1823"]
[PlyCount "106"]
[EventDate "2024.11.21"]
[WhiteTeam "SK Bad Homburg 1927"]
[BlackTeam "SK 1858 Gießen"]

1. e4 e6 2. d4 d5 3. exd5 exd5 4. Bd3 Nc6 5. Nf3 Nb4 6. a3 Nxd3+ 7. Qxd3 Bd6 8. h3 Ne7 9. O-O Bf5 10. Qb5+ Qd7 11. c4 c6 12. Qb3 dxc4 13. Qxc4 f6 14. Re1 O-O-O 15. Nc3 Kb8 16. Ne4 Bc7 17. Nc5 Qd6 18. Qb4 Bb6 19. Rxe7 Bc8 20. Bd2 Ka8 21. Rae1 g5 22. Rg7 h5 23. Ree7 g4 24. Ne1 Bxc5 25. Qxc5 Qxc5 26. dxc5 Rxd2 27. hxg4 hxg4 28. Rgf7 Rxb2 29. Rxf6 Rd2 30. g3 Rd5 31. Nc2 Rxc5 32. Ne3 Rc1+ 33. Kg2 Rch1 34. Nf1 R1h5 35. Rg7 Ra5 36. Ne3 Rxa3 37. Rfg6 Rf8 38. Rg8 Rxg8 39. Rxg8 Kb8 40. Nxg4 Kc7 41. Ne3 a5 42. g4 Be6 43. Rh8 Rd3 44. g5 Rd7 45. f4 Ba2 46. g6 b5 47. Rh7 Bg8 48. Rh8 Ba2 49. Rh7 Kd6 50. Nf5+ Ke6 51. Nh4 Rd3 52. f5+ Kf6 53. Rf7+ Bxf7 0-1

[Event "Sparkassen-Open A"]
[Site "Heusenstamm, Martinsee"]
[Date "2023.11.24"]
[Round "6.27"]
[White "Kludszuweit, Kim Ira"]
[Black "Pyshny, Antonia"]
[Result "1/2-1/2"]
[WhiteElo "1658"]
[BlackElo "1796"]
[PlyCount "198"]
[EventDate "2024.11.21"]
[WhiteTeam "SF Essen-Werden 1924/"]
[BlackTeam "SC Eschborn 1974"]

1. c4 e5 2. Nc3 Nf6 3. e4 Bc5 4. Be2 Nc6 5. Nf3 d6 6. O-O O-O 7. a3 a5 8. d3 Nd4 9. Bg5 h6 10. Bh4 g5 11. Bg3 Nh5 12. Nd5 Nxg3 13. hxg3 f5 14. Nh2 fxe4 15. dxe4 c6 16. Ne3 a4 17. Bg4 Nb3 18. Bxc8 Bxe3 19. Be6+ Kg7 20. fxe3 Rxf1+ 21. Qxf1 Qf6 22. Bf5 Nxa1 23. Qxa1 Qd8 24. Qd1 Qb6 25. Nf1 Qc7 26. Qh5 Qf7 27. Qg4 Qxc4 28. Be6 d5 29. Qh5 Rf8 30. Bf5 Rf6 31. Qe8 dxe4 32. Qxe5 Qd5 33. Qxd5 cxd5 34. Bd7 Rb6 35. Bxa4 Rxb2 36. Bd7 Kf6 37. g4 Ke5 38. a4 d4 39. exd4+ Kxd4 40. Ng3 Ke5 41. Nf5 Rd2 42. Bc8 Ra2 43. Bxb7 Rxa4 44. Nxh6 Kf4 45. Bd5 Ra5 46. Bc4 Rc5 47. Be2 Rc2 48. Bb5 Rb2 49. Bf1 Rb6 50. Nf5 Kxg4 51. Ne3+ Kh4 52. Nf5+ Kg4 53. Ne3+ Kg3 54. Nf5+ Kf4 55. Nd4 g4 56. Ne2+ Ke3 57. Ng3 Rb3 58. Nf5+ Kd2 59. Nd4 Ra3 60. Ne2 g3 61. Nf4 e3 62. Ne2 Ke1 63. Nxg3 Ra8 64. Bb5 Rb8 65. Bc4 Re8 66. Ne2 Rf8 67. Ng3 Rf4 68. Bb5 Rb4 69. Bd3 Rd4 70. Bb5 Rd1 71. Bf1 Rd2 72. Ne4 Rd4 73. Ng3 Rf4 74. Bb5 Rg4 75. Ne2 Rg5 76. Bc4 Rf5 77. Ng3 Rf2 78. Bb5 Ra2 79. Bc4 Ra1 80. Bf1 Ra2 81. Bd3 Ra3 82. Bc4 Ra4 83. Bb5 Rg4 84. Ne2 Rg6 85. Bc4 Rf6 86. Ng3 Rc6 87. Bb5 Rc1 88. Bf1 Ra1 89. Ne2 Ra8 90. Ng3 Rg8 91. Ne2 Rf8 92. Ng3 Rf2 93. Bb5 Kd1 94. Bc4 Rf4 95. Be2+ Ke1 96. Bb5 Rb4 97. Bd3 Rb3 98. Bc4 Rb1 99. Bf1 Ra1 1/2-1/2

[Event "Sparkassen-Open A"]
[Site "Heusenstamm, Martinsee"]
[Date "2023.11.24"]
[Round "6.28"]
[White "Baumgart, Jost"]
[Black "Hofmann, Werner"]
[Result "0-1"]
[WhiteElo "1569"]
[BlackElo "1789"]
[PlyCount "46"]
[EventDate "2024.11.21"]
[WhiteTeam "SK Marburg 1931/72"]
[BlackTeam "SV 1920 Kelsterbach"]

1. e4 c6 2. d4 d5 3. e5 Bf5 4. h4 h5 5. Bd3 Bxd3 6. Qxd3 e6 7. Nf3 Ne7 8. Ng5 Nf5 9. Nd2 c5 10. dxc5 Nc6 11. Qb5 Qd7 12. Qe2 Bxc5 13. Nb3 Bb6 14. Bf4 Rc8 15. Rd1 Ncd4 16. Nxd4 Nxd4 17. Qd3 Nxc2+ 18. Kf1 Nb4 19. Qb3 Nc6 20. Rh3 Nd4 21. Qd3 Nf5 22. f3 Qa4 23. Bd2 Qxd1+ 0-1

[Event "Sparkassen-Open A"]
[Site "Heusenstamm, Martinsee"]
[Date "2023.11.24"]
[Round "6.29"]
[White "Wambach, Johannes"]
[Black "Neagu, Liviu"]
[Result "1-0"]
[WhiteElo "1550"]
[BlackElo "1781"]
[PlyCount "111"]
[EventDate "2024.11.21"]
[WhiteTeam "SK 1982 Klingenberg e.V."]
[BlackTeam "Wiesbaden"]

1. e4 c5 2. d3 g6 3. Nf3 Bg7 4. g3 Nc6 5. Bg2 Nf6 6. O-O O-O 7. c3 d5 8. Nbd2 Bg4 9. h3 Bxf3 10. Qxf3 Ne5 11. Qe2 dxe4 12. dxe4 Nd3 13. Rd1 Nxc1 14. Raxc1 Qc7 15. Nf3 a6 16. Rc2 b5 17. Rcd2 Bh6 18. Rd3 c4 19. Rd4 Rad8 20. e5 Nd7 21. e6 Nf6 22. Ne5 fxe6 23. Nd7 e5 24. Qxe5 Qxe5 25. Nxe5 Rxd4 26. Rxd4 Bc1 27. Nc6 Re8 28. b3 Bb2 29. bxc4 bxc4 30. Rxc4 e5 31. Ra4 Bxc3 32. Rxa6 e4 33. a4 e3 34. fxe3 Rxe3 35. Kf2 Re1 36. Ra8+ Kg7 37. a5 Ne4+ 38. Bxe4 Rxe4 39. a6 Bd4+ 40. Kf3 Re3+ 41. Kf4 Bc5 42. a7 Ra3 43. Ke5 Bxa7 44. Rxa7+ Rxa7 45. Nxa7 h5 46. h4 Kf7 47. Kf4 Kf6 48. Nc6 g5+ 49. hxg5+ Kg6 50. Ne5+ Kg7 51. Kf5 Kh7 52. g6+ Kg7 53. Kg5 Kf8 54. Kxh5 Kg7 55. Nf3 Kh8 56. Kh6 1-0

[Event "Sparkassen-Open A"]
[Site "Heusenstamm, Martinsee"]
[Date "2023.11.24"]
[Round "6.30"]
[White "Avhopulo, Kirill"]
[Black "Wilczek, Jan-Philipp"]
[Result "1/2-1/2"]
[WhiteElo "1743"]
[BlackElo "1678"]
[PlyCount "63"]
[EventDate "2024.11.21"]
[WhiteTeam "SK Marburg 1931/72"]
[BlackTeam "SAbt TuS Makkabi Ffm"]

1. d4 d5 2. c4 c6 3. Nc3 Nf6 4. e3 Bf5 5. Nf3 e6 6. Be2 Nbd7 7. Bd2 Bd6 8. O-O O-O 9. Nh4 Bg6 10. Nxg6 fxg6 11. Bf3 Qc7 12. g3 Bb4 13. cxd5 Bxc3 14. Bxc3 Nxd5 15. Rc1 Rf6 16. e4 Nxc3 17. Rxc3 Nb6 18. Bg2 g5 19. Qg4 Qd7 20. Rd1 e5 21. Qxd7 Nxd7 22. d5 Rd6 23. Rcd3 c5 24. Bh3 Nf6 25. f3 g6 26. a4 a5 27. Rc1 b6 28. Rb3 h5 29. Bg2 h4 30. gxh4 gxh4 31. f4 Rc8 32. Rh3 1/2-1/2

[Event "Sparkassen-Open A"]
[Site "Heusenstamm, Martinsee"]
[Date "2023.11.24"]
[Round "6.31"]
[White "Bengsch, Norbert"]
[Black "Papadopoulos, Kyriakos"]
[Result "1/2-1/2"]
[WhiteElo "1740"]
[BlackElo "1656"]
[PlyCount "35"]
[EventDate "2024.11.21"]
[WhiteTeam "SG Donautal Tuttlingen"]
[BlackTeam "VSG 1880 Offenbach"]

1. e4 e5 2. Nc3 Nc6 3. Bc4 Bc5 4. Qg4 g6 5. Qf3 Nf6 6. Nge2 O-O 7. d3 Be7 8. Bh6 Re8 9. Nd5 d6 10. Nxe7+ Qxe7 11. Bg5 Kg7 12. O-O h6 13. Bxf6+ Qxf6 14. Qxf6+ Kxf6 15. f4 Kg7 16. Nc3 Be6 17. Bxe6 fxe6 18. fxe5 1/2-1/2

[Event "Sparkassen-Open A"]
[Site "Heusenstamm, Martinsee"]
[Date "2023.11.24"]
[Round "6.32"]
[White "Mensendiek, Theodor"]
[Black "Karres, David Tobias"]
[Result "1-0"]
[WhiteElo "1732"]
[BlackElo "1636"]
[PlyCount "41"]
[EventDate "2024.11.21"]
[WhiteTeam "SF Heusenstamm"]
[BlackTeam "SF Heidelberg"]

1. e4 e5 2. Nf3 Nc6 3. Bc4 Bc5 4. Nc3 Nf6 5. d3 a6 6. a3 d6 7. O-O Bg4 8. h3 Bh5 9. Be3 Bxe3 10. fxe3 Qd7 11. Qd2 Ne7 12. d4 exd4 13. exd4 Nxe4 14. Nxe4 d5 15. Ne5 Qd6 16. Be2 O-O-O 17. Nc5 Bg6 18. Nxf7 Bxf7 19. Rxf7 Rdg8 20. Qg5 Ng6 21. Rd7 1-0

[Event "Sparkassen-Open A"]
[Site "Heusenstamm, Martinsee"]
[Date "2023.11.24"]
[Round "6.37"]
[White "Milman, Sophie"]
[Black "Bardorz, Christoph"]
[Result "1/2-1/2"]
[WhiteElo "1607"]
[BlackElo "1787"]
[PlyCount "38"]
[EventDate "2024.11.21"]
[WhiteTeam "VSG 1880 Offenbach"]
[BlackTeam "TSV 1869 e. V. Rottendorf"]

1. e4 e5 2. Nf3 Nc6 3. d4 exd4 4. Nxd4 Bc5 5. Be3 Qf6 6. c3 Nge7 7. Bc4 Ne5 8. Be2 Qg6 9. O-O O-O 10. Nd2 d5 11. Bf3 Nxf3+ 12. Qxf3 Bg4 13. Qf4 dxe4 14. Qxe4 Qxe4 15. Nxe4 Bb6 16. h3 Bh5 17. Ng3 Bg6 18. Rad1 Rad8 19. Rfe1 Nd5 1/2-1/2

[Event "Sparkassen-Open A"]
[Site "Heusenstamm, Martinsee"]
[Date "2023.11.24"]
[Round "6.38"]
[White "Wernicke, Dieter"]
[Black "Lerch, Cornelia"]
[Result "1/2-1/2"]
[WhiteElo "1601"]
[BlackElo "1787"]
[PlyCount "60"]
[EventDate "2024.11.21"]
[WhiteTeam "SV Mainspitze Ginsheim"]
[BlackTeam "SK 1980 Gernsheim"]

1. e4 c5 2. Nf3 d6 3. Bc4 Nf6 4. d3 g6 5. O-O Bg7 6. c3 O-O 7. Bg5 a6 8. a4 Bd7 9. Re1 Nc6 10. Bb3 Qc7 11. Nbd2 b5 12. e5 dxe5 13. Ne4 Nxe4 14. dxe4 c4 15. Bc2 Bg4 16. h3 Bxf3 17. Qxf3 e6 18. Red1 f5 19. Be3 Rad8 20. axb5 axb5 21. Ra6 Rxd1+ 22. Qxd1 Rb8 23. Qa1 Kf7 24. Bc5 Bf8 25. Bxf8 Kxf8 26. Qa3+ Ke8 27. Qc5 Kd7 28. Qe3 Qb7 29. Ra1 Ke8 30. Qc5 Rd8 1/2-1/2

[Event "Sparkassen-Open A"]
[Site "Heusenstamm, Martinsee"]
[Date "2023.11.24"]
[Round "6.39"]
[White "Matsoukas, Konstantinos"]
[Black "Steinke, Hans-Jörg"]
[Result "0-1"]
[WhiteElo "1584"]
[BlackElo "1742"]
[PlyCount "46"]
[EventDate "2024.11.21"]
[WhiteTeam "SAbt TuS Makkabi Ffm"]
[BlackTeam "Schachverein Erkenschwick 1923 e"]

1. e4 e6 2. d4 d5 3. Nc3 dxe4 4. Nxe4 Bd7 5. Nf3 Bc6 6. Bd3 Nd7 7. O-O Ngf6 8. Re1 Nxe4 9. Bxe4 Bxe4 10. Rxe4 Nf6 11. Bg5 Be7 12. Re2 O-O 13. Qd2 Re8 14. Rae1 c6 15. Ne5 Qb6 16. c3 Rad8 17. Re3 c5 18. Bh6 g6 19. Rf3 cxd4 20. Qg5 Ne4 21. Rxf7 Nxg5 22. Rg7+ Kh8 23. h4 Bf6 0-1

[Event "Sparkassen-Open A"]
[Site "Heusenstamm, Martinsee"]
[Date "2023.11.24"]
[Round "6.40"]
[White "Eckert, Michael"]
[Black "Lüders, Eric"]
[Result "1-0"]
[WhiteElo "1729"]
[BlackElo "1651"]
[PlyCount "67"]
[EventDate "2024.11.21"]
[WhiteTeam "SK Herborn 1946"]
[BlackTeam "SF Hünstetten"]

1. c4 e6 2. g3 d5 3. Bg2 Nf6 4. Nf3 c5 5. cxd5 exd5 6. d4 Nc6 7. Nc3 Be6 8. O-O Ne4 9. e3 Qd7 10. Bd2 Bh3 11. dxc5 Bxg2 12. Kxg2 Bxc5 13. Ne2 O-O-O 14. Qc2 Be7 15. Rfd1 h5 16. h4 g5 17. Ne5 Qf5 18. Nd3 gxh4 19. Nd4 h3+ 20. Kh2 Qf6 21. Be1 Kd7 22. Nxc6 bxc6 23. Nf4 Rdg8 24. Qxe4 h4 25. Bc3 hxg3+ 26. fxg3 Qg5 27. Qf3 Rh6 28. Nxd5 Bd6 29. Nf4 Kc8 30. Qxc6+ Bc7 31. Qa8+ Bb8 32. Qf3 Rf6 33. Bxf6 Qxf6 34. Rac1+ 1-0

[Event "Sparkassen-Open A"]
[Site "Heusenstamm, Martinsee"]
[Date "2023.11.24"]
[Round "6.42"]
[White "Jeuken, Thomas"]
[Black "Hüttinger, Siegfried"]
[Result "1/2-1/2"]
[WhiteElo "1583"]
[BlackElo "1697"]
[PlyCount "29"]
[EventDate "2024.11.21"]
[WhiteTeam "Schachverein Opladen 1922 e. V."]
[BlackTeam "SC Königsspringer Alzenau e.V"]

1. d4 d5 2. c4 Nf6 3. Nf3 c6 4. Nc3 Bf5 5. Nh4 Bg6 6. Nxg6 hxg6 7. cxd5 Nxd5 8. e4 Nf6 9. f3 e6 10. Be3 Bb4 11. Qb3 Qa5 12. O-O-O b5 13. d5 Bxc3 14. dxe6 Bxb2+ 15. Kxb2 1/2-1/2